000 00407nam a22001457a 4500
003 OSt
005 20160727222344.0
008 160621b xxu||||| |||| 00| 0 eng d
040 _cTest
100 _9208
_aLarson, B
245 _aKid Stories
_bSeasonal And Topical Sermons For Children
260 _aU.S.A
_bBakar Book
_c1980
300 _aKid Stories: Seasonal And Topical Sermons For Children
942 _2ddc
_cBK
999 _c166
_d166